Представление документа в формате RUSMARC

Поле Инд. ПП Название Значение
Тип записи a
Библиографический уровень a
001 Контрольный номер c820202937514307afaba60676df06ef
005 Дата корректировки 20181120134528.7
100 a Данные общей обработки 20180628 ||| 0rusy0189 ca
101 0_ a Язык текста rus
102 a Страна публикации RU
200 1_ f Первые сведения об ответственности Р. Исмагилов
a Заглавие Роль прокурора в абстрактном нормоконтроле, осуществляемом в порядке административного судопроизводства
210 d Дата издания 2018
461 _0 1 2000
a Законность
463 _0 1 2000
a №3
v С. 34-36
1 2101
d 2018
1 0014b859ee47dfb4f2dbc439f25efc88193
606 a Основная рубрика Правоохранительные и судебные органы
610 0_ a Ключевые слова ПРОКУРОРСКАЯ ДЕЯТЕЛЬНОСТЬ
a Ключевые слова НОРМОКОНТРОЛЬ
700 _1 a Фамилия Исмагилов
b Имя Р.
801 _0 a Страна RU
b Организация РГУП
c Дата составления 20180628
g Правила каталогизации PSBO
801 _1 a Страна RU
b Организация РГУП
c Дата составления 20180628
g Правила каталогизации PSBO
901 t Тип документа b
w Контрольный № источника 4b859ee47dfb4f2dbc439f25efc88193
905 a Дата ввода 20180628